Partial Inclusion of Soaked Avocado Seed (Persea Americana) as Energy Feed Ingredient and its Effect on Growth Performance of Oreochromis Anderrsonil/ (Record no. 1754)
[ view plain ]
| 000 -LEADER | |
|---|---|
| fixed length control field | 00631nam a22001817a 4500 |
| 005 - DATE AND TIME OF LATEST TRANSACTION | |
| control field | 20250303123822.0 |
| 008 - FIXED-LENGTH DATA ELEMENTS--GENERAL INFORMATION | |
| fixed length control field | 250303b |||||||| |||| 00| 0 eng d |
| 040 ## - CATALOGING SOURCE | |
| Original cataloging agency | KMU |
| Transcribing agency | KMU |
| Modifying agency | KMU |
| 100 ## - MAIN ENTRY--PERSONAL NAME | |
| Personal name | Ngoma, Levy |
| 245 ## - TITLE STATEMENT | |
| Title | Partial Inclusion of Soaked Avocado Seed (Persea Americana) as Energy Feed Ingredient and its Effect on Growth Performance of Oreochromis Anderrsonil/ |
| Statement of responsibility, etc. | Ngoma, Levy |
| 260 ## - PUBLICATION, DISTRIBUTION, ETC. | |
| Place of publication, distribution, etc. | Chinsali; |
| Name of publisher, distributor, etc. | KMU, |
| Date of publication, distribution, etc. | 2019. |
| 300 ## - PHYSICAL DESCRIPTION | |
| Extent | vii, 49p.: |
| Other physical details | ill.; |
| Dimensions | 29 cm. |
| 650 ## - SUBJECT ADDED ENTRY--TOPICAL TERM | |
| Topical term or geographic name entry element | Fisheries and Aquaculture. |
| 650 ## - SUBJECT ADDED ENTRY--TOPICAL TERM | |
| Topical term or geographic name entry element | Soaked Avocado Seed. |
| 650 ## - SUBJECT ADDED ENTRY--TOPICAL TERM | |
| Topical term or geographic name entry element | Persea Americana. |
| 650 ## - SUBJECT ADDED ENTRY--TOPICAL TERM | |
| Topical term or geographic name entry element | Oreochromis Anderrsonil. |
| 942 ## - ADDED ENTRY ELEMENTS (KOHA) | |
| Koha item type | Student Project Report |
| Suppress in OPAC | No |
| Withdrawn status | Lost status | Damaged status | Not for loan | Collection | Home library | Current library | Shelving location | Date acquired | Total Checkouts | Date last seen | Price effective from | Koha item type |
|---|---|---|---|---|---|---|---|---|---|---|---|---|
| Reference | Kapasa Makasa University | Kapasa Makasa University | Reference | 03.03.2025 | 03.03.2025 | 03.03.2025 | Student Project Report | |||||
| Reference | Kapasa Makasa University | Kapasa Makasa University | Reference | 03.03.2025 | 03.03.2025 | 03.03.2025 | Student Project Report |